[Event "Online Olym Div2 C 2020"]
[Site "chess.com INT"]
[Date "2020.08.16"]
[Round "7.2"]
[Board "1"]
[White "Van Foreest, Jorden"]
[Black "Ashiku, Franc"]
[Result "1-0"]
[WhiteTitle "GM"]
[BlackTitle "IM"]
[WhiteElo "2682"]
[BlackElo "2419"]
[WhiteTeam "Netherlands"]
[BlackTeam "Albania"]
[WhiteFideId "1039784"]
[BlackFideId "4700066"]
[EventDate "2020.08.14"]
[EventType "team"]

1. d4 Nf6 2. Nf3 g6 3. c4 Bg7 4. Nc3 d6 5. e4 O-O 6. Be2 e5 7. O-O Nc6 8. d5 Ne7
9. b4 a5 10. bxa5 Rxa5 11. a4 Re8 12. Bd2 c5 13. Ne1 Ra6 14. Nd3 Nd7 15. Kh1 f5
16. f3 f4 17. Ra3 g5 18. Rg1 Ng6 19. Nb5 Nf6 20. g3 Rf8 21. gxf4 gxf4 22. Be1
Kh8 23. Bf1 Nh5 24. Ra2 Bf6 25. Nf2 Rg8 26. Bh3 Bxh3 27. Nxh3 Bh4 28. Rag2 Bxe1
29. Qxe1 Qe7 30. a5 Raa8 31. Rg5 Nf6 32. Rf5 Raf8 33. Ng5 Nh5 34. Ne6 Rxf5 35.
exf5 Nh4 36. Rxg8+ Kxg8 37. Qg1+ Ng3+ 38. hxg3 Nxf3 39. Qg2 Ne1 40. Qe2 Qf7 41.
Nxd6 f3 42. Qxe1 Qh5+ 43. Kg1 Qg4 44. Qxe5 1-0

[Event "Online Olym Div2 C 2020"]
[Site "chess.com INT"]
[Date "2020.08.16"]
[Round "7.2"]
[Board "2"]
[White "Pasko, Llambi"]
[Black "Bok, Benjamin"]
[Result "0-1"]
[WhiteTitle "IM"]
[BlackTitle "GM"]
[WhiteElo "2410"]
[BlackElo "2624"]
[WhiteTeam "Albania"]
[BlackTeam "Netherlands"]
[WhiteFideId "4701178"]
[BlackFideId "1017063"]
[EventDate "2020.08.14"]
[EventType "team"]

1. d4 Nf6 2. c4 e6 3. Nf3 d5 4. e3 b6 5. Nc3 Bd6 6. b3 O-O 7. Bb2 Bb7 8. Bd3
dxc4 9. bxc4 c5 10. d5 exd5 11. cxd5 a6 12. a4 Nbd7 13. O-O Re8 14. e4 Ne5 15.
Re1 c4 16. Bc2 Nxf3+ 17. Qxf3 Be5 18. h3 b5 19. Nd1 Qd6 20. Bxe5 Qxe5 21. Rb1
Bxd5 22. axb5 Bxe4 23. Bxe4 Nxe4 24. Qe3 axb5 25. f3 Nd2 26. Qxe5 Rxe5 27. Rxe5
Nxb1 28. Rxb5 Nd2 29. Rc5 h6 30. Ne3 Ra1+ 31. Kf2 Ra2 32. Kg3 Ra4 33. h4 g6 34.
Rc7 h5 35. Kf2 Kg7 36. Ke2 Ra2 37. Kd1 Kf6 38. Rc6+ Ke5 39. Rc7 Kd4 40. Nc2+ Kc3
41. Rd7 Nb3 42. Ne3 Rd2+ 43. Rxd2 Nxd2 44. Nd5+ Kd4 45. Nf6 Nf1 46. Ne4 Ne3+ 47.
Ke2 Nxg2 48. Ng5 Nxh4 49. Nxf7 c3 50. Ng5 Nf5 51. Nh3 Kc4 52. Nf4 Ne7 53. Kd1 h4
54. Kc2 Kd4 55. Ne6+ Ke3 56. Ng5 Nd5 57. Kb3 Kf4 0-1

[Event "Online Olym Div2 C 2020"]
[Site "chess.com INT"]
[Date "2020.08.16"]
[Round "7.2"]
[Board "3"]
[White "Haast, Anne"]
[Black "Gjergji, Rozana"]
[Result "1/2-1/2"]
[WhiteTitle "WGM"]
[BlackTitle "WCM"]
[WhiteElo "2318"]
[BlackElo "1942"]
[WhiteTeam "Netherlands"]
[BlackTeam "Albania"]
[WhiteFideId "1017292"]
[BlackFideId "4700147"]
[EventDate "2020.08.14"]
[EventType "team"]

1. e4 e5 2. Nf3 Nc6 3. Bb5 d6 4. O-O Be7 5. c3 f5 6. exf5 Bxf5 7. d4 e4 8. d5 a6
9. Bxc6+ bxc6 10. Nd4 Qc8 11. dxc6 Nf6 12. c4 O-O 13. Nc3 Bg6 14. Nd5 Nxd5 15.
cxd5 Bf7 16. Nc2 Qf5 17. Ne3 Qe5 18. Rb1 Bg5 19. Ng4 Qf5 20. Bxg5 Qxg5 21. Ne3
Rab8 22. Qd4 Rbe8 23. Rbe1 Re5 24. f4 exf3 25. Rxf3 Bxd5 26. Rxf8+ Kxf8 27. Rf1+
Kg8 28. Nxd5 Rxd5 29. Qa7 h6 30. Qxc7 Kh7 31. Qf7 Rc5 32. Qf3 d5 33. Qd3+ Qg6
34. Qxg6+ Kxg6 35. Rd1 Kf6 36. Rd2 Ke6 37. Kf2 Rxc6 38. Ke3 Rc4 39. Kd3 Rf4 40.
Re2+ Kd6 41. b3 Rf1 42. Kc3 a5 43. Kd3 Rd1+ 44. Kc2 Rf1 45. a3 d4 46. Kd3 Kd5
47. Re7 Rd1+ 48. Kc2 Ra1 49. Kb2 Rf1 50. Rxg7 Rf2+ 51. Kc1 d3 52. b4 axb4 53.
axb4 Kc4 54. Rc7+ Kxb4 55. g4 Rxh2 56. Kd1 Rg2 57. Rc6 Rxg4 58. Rxh6 Rg2 59. Rh8
Kc3 60. Rc8+ Kd4 61. Rd8+ Ke3 62. Re8+ Kd4 63. Rd8+ Kc3 64. Rc8+ Kd4 65. Rd8+ 1/2-1/2

[Event "Online Olym Div2 C 2020"]
[Site "chess.com INT"]
[Date "2020.08.16"]
[Round "7.2"]
[Board "4"]
[White "Shabanaj, Alda"]
[Black "Werle, Iozefina"]
[Result "0-1"]
[WhiteTitle "WFM"]
[BlackTitle "WGM"]
[WhiteElo "1841"]
[BlackElo "2300"]
[WhiteTeam "Albania"]
[BlackTeam "Netherlands"]
[WhiteFideId "4700597"]
[BlackFideId "1213261"]
[EventDate "2020.08.14"]
[EventType "team"]

1. d4 Nf6 2. c4 e6 3. Nf3 Bb4+ 4. Bd2 a5 5. a3 Be7 6. Nc3 O-O 7. e4 b6 8. Bd3
Bb7 9. Qc2 g6 10. e5 Ne8 11. Be4 Bxe4 12. Qxe4 c6 13. Bh6 Ng7 14. h4 d5 15. exd6
Qxd6 16. Bxg7 Kxg7 17. h5 Nd7 18. hxg6 hxg6 19. O-O-O Nf6 20. Qe5 Qxe5 21. Nxe5
Rac8 22. g4 b5 23. c5 b4 24. axb4 axb4 25. g5 bxc3 26. gxf6+ Bxf6 27. bxc3 Bxe5
28. dxe5 Rfd8 29. Kc2 Rd5 30. Rxd5 cxd5 31. Kd3 Rxc5 32. Ra1 Rc4 33. Rf1 g5 34.
Rh1 Re4 35. Rg1 Kg6 36. f3 Rxe5 37. f4 Rf5 38. fxg5 Rxg5 39. Rh1 Rg4 40. Rh8 f5
41. Rf8 Kg7 42. Re8 Kf6 43. Rf8+ Ke5 44. Re8 Rg3+ 45. Kd2 f4 0-1

[Event "Online Olym Div2 C 2020"]
[Site "chess.com INT"]
[Date "2020.08.16"]
[Round "7.2"]
[Board "5"]
[White "Vrolijk, Liam"]
[Black "Veleshnja, Zino"]
[Result "1-0"]
[WhiteTitle "IM"]
[WhiteElo "2481"]
[BlackElo "2287"]
[WhiteTeam "Netherlands"]
[BlackTeam "Albania"]
[WhiteFideId "1048333"]
[BlackFideId "4701313"]
[EventDate "2020.08.14"]
[EventType "team"]

1. d4 Nf6 2. c4 g6 3. Nc3 Bg7 4. e4 d6 5. f3 O-O 6. Nge2 c5 7. d5 e6 8. Ng3 exd5
9. cxd5 h5 10. Bg5 a6 11. a4 Qe8 12. Bd3 Nbd7 13. Nge2 Ne5 14. Bc2 Nh7 15. Bh4
Rb8 16. Rb1 b5 17. axb5 axb5 18. b4 c4 19. O-O Bd7 20. Qd2 Qc8 21. Be7 Qa6 22.
Bxf8 Rxf8 23. h3 f5 24. f4 Nd3 25. Bxd3 cxd3 26. Qxd3 Re8 27. Nd4 fxe4 28. Qe3
Qa7 29. Rbd1 Rc8 30. Rfe1 Rc4 31. Nce2 Nf6 32. Nf5 Qxe3+ 33. Nxe3 Rxb4 34. Rb1
Ra4 35. Nc3 Ra3 36. Nxb5 Rd3 37. Nxd6 Nxd5 38. Nxd5 Rxd5 39. Nxe4 Bf5 40. Rb8+
Kh7 41. Ng5+ Kh6 42. Re7 Rd7 43. Nf7+ Kh7 44. Ng5+ Kh6 45. Rxd7 Bxd7 46. g3 Bf5
47. Rb7 Bc8 48. Rc7 Bf5 49. Kh2 Bb1 50. g4 hxg4 51. hxg4 Bd3 52. Kg3 Be2 53. Rc2
Bd1 54. Rh2# 1-0

[Event "Online Olym Div2 C 2020"]
[Site "chess.com INT"]
[Date "2020.08.16"]
[Round "7.2"]
[Board "6"]
[White "Shuqja, Klean"]
[Black "Roebers, Eline"]
[Result "0-1"]
[WhiteTitle "WCM"]
[WhiteElo "1838"]
[BlackElo "2066"]
[WhiteTeam "Albania"]
[BlackTeam "Netherlands"]
[WhiteFideId "4701585"]
[BlackFideId "1058401"]
[EventDate "2020.08.14"]
[EventType "team"]

1. b3 a5 2. a4 Nf6 3. Bb2 g6 4. e3 Bg7 5. Nf3 d6 6. Be2 e5 7. d3 O-O 8. O-O Nc6
9. e4 Nh5 10. Re1 Nf4 11. Nc3 f5 12. Bf1 h6 13. g3 Ne6 14. exf5 gxf5 15. Nd5 Rf7
16. Bc3 f4 17. Bg2 Ng5 18. Nxg5 Qxg5 19. h4 Qg6 20. Be4 Bf5 21. Bxf5 Qxf5 22.
Qf3 Raf8 23. g4 Qd7 24. Kg2 Bh8 25. Rad1 Rg7 26. Kh3 Kf7 27. h5 Rg5 28. Kh4 Nd8
29. Ba1 Rfg8 30. Rg1 Ne6 31. Rg2 c6 32. Nc3 Qd8 33. Kh3 Nd4 34. Qe4 R8g7 35.
Rdg1 d5 36. Qe1 Nf3 37. Qe2 Rxh5+ 0-1

[Event "Online Olym Div2 C 2020"]
[Site "chess.com INT"]
[Date "2020.08.16"]
[Round "7.3"]
[Board "1"]
[White "Borisek, Jure"]
[Black "Studer, Noel"]
[Result "1-0"]
[WhiteTitle "GM"]
[BlackTitle "GM"]
[WhiteElo "2591"]
[BlackElo "2573"]
[WhiteTeam "Slovenia"]
[BlackTeam "Switzerland"]
[WhiteFideId "14603152"]
[BlackFideId "1319620"]
[EventDate "2020.08.14"]
[EventType "team"]

1. e4 c5 2. Nf3 Nc6 3. Bb5 g6 4. Bxc6 bxc6 5. O-O Bg7 6. Re1 Nh6 7. c3 O-O 8. d4
cxd4 9. cxd4 d5 10. e5 f6 11. e6 Qd6 12. Qe2 c5 13. Nc3 Nf5 14. dxc5 Qxc5 15.
Qb5 Qxb5 16. Nxb5 Bb7 17. Bd2 a6 18. Nbd4 Nxd4 19. Nxd4 Rfc8 20. Bc3 Rc4 21.
Rad1 Rd8 22. Nb3 f5 23. Bxg7 Kxg7 24. Nd4 Rd6 25. b3 Rc8 26. Rc1 Kf6 27. f4 Rb6
28. Kf2 Rd8 29. Rc7 Bc8 30. Ra7 h6 31. g3 Rdd6 32. Rc1 Bxe6 33. Rcc7 Bg8 34.
Rxe7 Rd8 35. Ke3 Rc8 36. Kd3 Rd8 37. a3 Rf8 38. Reb7 Rd6 39. b4 g5 40. a4 gxf4
41. gxf4 Rc8 42. a5 Be6 43. Rb6 Rxb6 44. axb6 Rb8 45. Rxa6 Bd7 46. b5 Rb7 47.
Nc6 Ke6 48. Nd8+ Ke7 49. Nxb7 Bxb5+ 50. Kd4 Bxa6 51. Nc5 Bc8 52. Kxd5 1-0

[Event "Online Olym Div2 C 2020"]
[Site "chess.com INT"]
[Date "2020.08.16"]
[Round "7.3"]
[Board "2"]
[White "Georgiadis, Nico"]
[Black "Sebenik, Matej"]
[Result "1/2-1/2"]
[WhiteTitle "GM"]
[BlackTitle "GM"]
[WhiteElo "2551"]
[BlackElo "2498"]
[WhiteTeam "Switzerland"]
[BlackTeam "Slovenia"]
[WhiteFideId "1300113"]
[BlackFideId "14602296"]
[EventDate "2020.08.14"]
[EventType "team"]

1. e4 c5 2. Nf3 Nc6 3. Nc3 e5 4. Bc4 Be7 5. O-O d6 6. d3 Nf6 7. Ng5 O-O 8. f4
Bg4 9. Qd2 exf4 10. Qxf4 Ne5 11. Nd5 Nxc4 12. Nxf6+ Bxf6 13. Qxg4 Ne5 14. Qf5
Ng6 15. Be3 Re8 16. Nf3 b6 17. Bg5 Re6 18. Qd5 Rc8 19. Rae1 h6 20. Bc1 Ne5 21.
Nxe5 Rxe5 22. Qb3 d5 23. Bf4 c4 24. Qa4 Re7 25. e5 Qe8 26. Qxe8+ Rcxe8 27. d4
Re6 28. c3 Be7 29. a4 a6 30. Bd2 f6 31. exf6 Bxf6 32. Rxe6 Rxe6 33. Kf2 Kf7 34.
Re1 Rxe1 35. Kxe1 b5 36. axb5 axb5 37. Kf2 Ke6 38. g4 b4 39. h3 b3 40. Kf3 Bh4
41. Ke2 Kf6 42. Kf3 Kg6 43. Ke2 Bg5 44. Bxg5 Kxg5 45. Kf3 Kh4 46. Kg2 g6 47. Kh2
h5 48. gxh5 gxh5 49. Kg2 Kg5 50. Kg3 h4+ 51. Kf3 Kf5 52. Ke3 Kg5 53. Kf3 Kf5 54.
Ke3 Kg5 55. Kf3 1/2-1/2

[Event "Online Olym Div2 C 2020"]
[Site "chess.com INT"]
[Date "2020.08.16"]
[Round "7.3"]
[Board "3"]
[White "Unuk, Laura"]
[Black "Georgescu, Lena"]
[Result "0-1"]
[WhiteTitle "WGM"]
[BlackTitle "WIM"]
[WhiteElo "2315"]
[BlackElo "2276"]
[WhiteTeam "Slovenia"]
[BlackTeam "Switzerland"]
[WhiteFideId "14609215"]
[BlackFideId "1331973"]
[EventDate "2020.08.14"]
[EventType "team"]

1. d4 Nf6 2. c4 e6 3. Nf3 d5 4. g3 dxc4 5. Bg2 a6 6. Ne5 Bb4+ 7. Nc3 Nd5 8. Bd2
Nb6 9. e3 N8d7 10. f4 O-O 11. Ne4 a5 12. O-O f6 13. Nf3 Qe7 14. Rc1 c5 15. a3
Bxd2 16. Nexd2 cxd4 17. exd4 Nd5 18. Re1 N7b6 19. Nxc4 Nxc4 20. Rxc4 Qd7 21. Bh3
Re8 22. Qe2 Kf7 23. Nd2 b6 24. f5 exf5 25. Qh5+ Kf8 26. Rcc1 Rxe1+ 27. Rxe1 Nf4
28. gxf4 Qxd4+ 29. Kh1 Bb7+ 30. Bg2 Bxg2+ 31. Kxg2 Qxd2+ 32. Re2 Qxf4 33. Qxh7
Qg5+ 34. Kf3 Kf7 35. h4 Qg4+ 36. Kf2 Rd8 37. h5 Rd1 38. Qg6+ Qxg6 39. hxg6+ Kxg6
40. Re6 Rd2+ 41. Kf3 Rxb2 42. Re7 Rb3+ 43. Kf4 Rxa3 44. Re6 Ra4+ 45. Kf3 Rb4 0-1

[Event "Online Olym Div2 C 2020"]
[Site "chess.com INT"]
[Date "2020.08.16"]
[Round "7.3"]
[Board "4"]
[White "Mueller-Seps, Monika"]
[Black "Janzelj, Lara"]
[Result "1-0"]
[WhiteTitle "WGM"]
[BlackTitle "WIM"]
[WhiteElo "2243"]
[BlackElo "2210"]
[WhiteTeam "Switzerland"]
[BlackTeam "Slovenia"]
[WhiteFideId "1308521"]
[BlackFideId "14608391"]
[EventDate "2020.08.14"]
[EventType "team"]

1. d4 d5 2. Bf4 Nf6 3. e3 e6 4. Nf3 Bd6 5. Bg3 O-O 6. Bd3 b6 7. Nbd2 c5 8. c3
Nc6 9. Ne5 Bb7 10. f4 Ne7 11. Bh4 Nf5 12. Bxf5 exf5 13. O-O Be7 14. Bxf6 Bxf6
15. h3 Be7 16. g4 fxg4 17. hxg4 Re8 18. g5 f6 19. gxf6 Bxf6 20. Qh5 Re7 21. Ndf3
g6 22. Qh6 Qf8 23. Qh2 Bc8 24. Rf2 Bf5 25. Raf1 c4 26. Ng5 b5 27. Qg3 Rb7 28.
Rh2 a5 29. Ng4 Bxg4 30. Qxg4 Re8 31. Rf3 Qd6 32. Rfh3 Bxg5 33. Qxg5 Rf8 34. Rg2
Rg7 35. Qe5 Qxe5 36. dxe5 Kf7 37. Rd2 Ke6 38. Kf2 b4 39. Kf3 Rgf7 40. Rdh2 Rh8
41. Rd2 Rd7 42. Rh1 bxc3 43. bxc3 Rb8 44. Rdh2 Rbb7 45. e4 dxe4+ 46. Kxe4 h5 47.
Rg1 Kf7 48. Rhg2 Rb6 49. f5 Rd3 50. Rxg6 Rxg6 51. Rxg6 Rxc3 52. e6+ Ke7 53. Rg7+
Kf8 54. f6 1-0

[Event "Online Olym Div2 C 2020"]
[Site "chess.com INT"]
[Date "2020.08.16"]
[Round "7.3"]
[Board "5"]
[White "Stevanic, David"]
[Black "Baenziger, Fabian"]
[Result "0-1"]
[WhiteTitle "FM"]
[BlackTitle "IM"]
[WhiteElo "2337"]
[BlackElo "2397"]
[WhiteTeam "Slovenia"]
[BlackTeam "Switzerland"]
[WhiteFideId "14613921"]
[BlackFideId "1330110"]
[EventDate "2020.08.14"]
[EventType "team"]

1. e4 c5 2. c3 Nf6 3. e5 Nd5 4. Bc4 e6 5. d4 cxd4 6. cxd4 d6 7. Nf3 Be7 8. O-O
Nc6 9. Qe2 O-O 10. Nc3 Nxc3 11. bxc3 dxe5 12. dxe5 Qc7 13. Bd3 b6 14. Re1 Bb7
15. Qe4 g6 16. Bg5 Rfd8 17. Bf1 Nd4 18. Qh4 Nxf3+ 19. gxf3 Qxc3 20. Bg2 Bxg5 21.
Qxg5 Qd2 22. Qf6 Rac8 23. Bf1 Qc3 24. Be2 h5 25. Rac1 Qb4 26. Rb1 Qa3 27. Ra1
Rd2 28. Rad1 Qb4 29. Bf1 Qd4 30. Rxd2 Qxd2 31. Re2 Qd1 32. Kg2 Rc1 33. Re1 Qxe1
34. Qd8+ Kh7 0-1

[Event "Online Olym Div2 C 2020"]
[Site "chess.com INT"]
[Date "2020.08.16"]
[Round "7.3"]
[Board "6"]
[White "Tamrazyan, Gohar"]
[Black "Urh, Zala"]
[Result "1-0"]
[BlackTitle "WIM"]
[WhiteElo "1802"]
[BlackElo "2156"]
[WhiteTeam "Switzerland"]
[BlackTeam "Slovenia"]
[WhiteFideId "1330799"]
[BlackFideId "14611481"]
[EventDate "2020.08.14"]
[EventType "team"]

1. e4 c5 2. Nc3 Nc6 3. Bb5 g6 4. Bxc6 dxc6 5. f4 Bg7 6. d3 Nf6 7. Nf3 Nd7 8. O-O
Nf8 9. Be3 Ne6 10. Qe1 Nd4 11. Qf2 Bg4 12. Ne5 Be6 13. Bxd4 cxd4 14. Ne2 c5 15.
Qg3 Qc7 16. Nf3 Bd7 17. f5 Qxg3 18. Nxg3 O-O-O 19. Ng5 Rdf8 20. Rf2 f6 21. Nh3
Bh6 22. Nf4 Bxf4 23. Rxf4 g5 24. Rf2 h5 25. Ne2 Kc7 26. c3 dxc3 27. Nxc3 Bc6 28.
Rc1 b6 29. a3 Rd8 30. Rd2 Rd4 31. b4 Rhd8 32. bxc5 bxc5 33. Ne2 Rxd3 34. Rxd3
Rxd3 35. Rxc5 Kb6 36. Rc3 Rd1+ 37. Kf2 Bxe4 38. Rb3+ Kc7 39. Nc3 Bxf5 40. Nxd1 1-0

[Event "Online Olym Div2 C 2020"]
[Site "chess.com INT"]
[Date "2020.08.16"]
[Round "7.4"]
[Board "1"]
[White "Vocaturo, Daniele"]
[Black "Pereira, Ruben"]
[Result "1-0"]
[WhiteTitle "GM"]
[BlackTitle "IM"]
[WhiteElo "2617"]
[BlackElo "2440"]
[WhiteTeam "Italy"]
[BlackTeam "Portugal"]
[WhiteFideId "813192"]
[BlackFideId "1903063"]
[EventDate "2020.08.14"]
[EventType "team"]

1. e4 c5 2. Nc3 Nc6 3. Bb5 Nd4 4. Bc4 e6 5. Nge2 Nf6 6. O-O a6 7. d3 b5 8. Bb3
d6 9. Nxd4 cxd4 10. Ne2 Qb6 11. f4 Be7 12. Ng3 O-O 13. f5 Qc5 14. Bg5 Ra7 15.
Bxf6 Bxf6 16. Qg4 Qe5 17. Rf2 Kh8 18. Raf1 Re7 19. Nh5 exf5 20. Rxf5 g6 21. Rxe5
Bxg4 22. Nxf6 dxe5 23. Nxg4 f5 24. exf5 gxf5 25. Nh6 f4 26. Ng4 e4 27. dxe4 Rxe4
28. Nf2 Re3 29. Nd3 f3 30. Rxf3 Rexf3 31. gxf3 Rxf3 32. a4 Kg7 33. a5 Kf8 34.
Bd5 Rf5 35. Be4 Rg5+ 36. Kf2 b4 37. Nxb4 Rxa5 38. Nc6 Rh5 39. Kg3 Rg5+ 40. Kh4
Rb5 41. b3 a5 42. Bxh7 a4 43. bxa4 Rc5 44. Be4 Kg8 45. Kg4 Kf7 46. Kf4 Kf6 47.
a5 1-0

[Event "Online Olym Div2 C 2020"]
[Site "chess.com INT"]
[Date "2020.08.16"]
[Round "7.4"]
[Board "2"]
[White "Martins, David Pires Tavares"]
[Black "Valsecchi, Alessio"]
[Result "1-0"]
[WhiteTitle "IM"]
[BlackTitle "GM"]
[WhiteElo "2398"]
[BlackElo "2491"]
[WhiteTeam "Portugal"]
[BlackTeam "Italy"]
[WhiteFideId "1909991"]
[BlackFideId "818860"]
[EventDate "2020.08.14"]
[EventType "team"]

1. d4 Nf6 2. c4 g6 3. Nc3 d5 4. cxd5 Nxd5 5. Bd2 Nb6 6. e3 Bg7 7. Nf3 Nc6 8. Bb5
O-O 9. O-O e5 10. Bxc6 exd4 11. Nxd4 bxc6 12. Nxc6 Qd7 13. Nd4 Bb7 14. Nce2 Rfd8
15. Rc1 Rac8 16. b4 Nc4 17. Bc3 a5 18. b5 Qd5 19. Nc6 Qg5 20. h4 Qxh4 21. Ned4
Bxc6 22. bxc6 Ne5 23. Nf3 Rxd1 24. Nxh4 Rxc1 25. Rxc1 Nd3 26. Rc2 Bxc3 27. Rxc3
Rd8 28. Nf3 Nb4 29. Nd4 Rd6 30. a3 Nd5 31. Rc5 a4 32. Ra5 Ne7 33. Rxa4 Nxc6 34.
Ra6 Nd8 35. Rxd6 cxd6 36. Kf1 Kf8 37. Ke2 Ke7 38. Kd3 d5 39. Nb5 Nc6 40. e4
dxe4+ 41. Kxe4 Ke6 42. Nd4+ Nxd4 43. Kxd4 h5 44. a4 Kd6 45. a5 f6 46. a6 Kc6 47.
a7 Kb7 48. Kd5 g5 49. Ke4 Kxa7 50. Kf5 g4 51. g3 Kb6 52. Kxf6 Kc5 53. Kg5 Kd4
54. Kxh5 1-0

[Event "Online Olym Div2 C 2020"]
[Site "chess.com INT"]
[Date "2020.08.16"]
[Round "7.4"]
[Board "3"]
[White "Zimina, Olga"]
[Black "Jorge, Rita Maria Osorio"]
[Result "1-0"]
[WhiteTitle "IM"]
[BlackTitle "WFM"]
[WhiteElo "2378"]
[BlackElo "1983"]
[WhiteTeam "Italy"]
[BlackTeam "Portugal"]
[WhiteFideId "4132190"]
[BlackFideId "1923161"]
[EventDate "2020.08.14"]
[EventType "team"]

1. Nf3 Nf6 2. d4 e6 3. g3 d5 4. Bg2 Be7 5. O-O O-O 6. c4 c5 7. cxd5 Nxd5 8. e4
Nf6 9. Nc3 cxd4 10. Nxd4 Nbd7 11. Be3 Ne5 12. Ndb5 a6 13. Qxd8 Rxd8 14. Nc7 Rb8
15. Ba7 Bd7 16. Bxb8 Rxb8 17. Rfd1 Bd8 18. f4 Bxc7 19. fxe5 Bxe5 20. Rd3 Bc6 21.
Rad1 g6 22. Re1 Kg7 23. Bf3 Rc8 24. Kg2 Nd7 25. Nd1 Nc5 26. Rd2 Rc7 27. Nf2 h5
28. Rc2 Ba4 29. b3 Bb5 30. Rec1 Nd3 31. Rxc7 Nxc1 32. Rxc1 Kf6 33. a4 Bc6 34.
Nd3 Bd4 35. e5+ Bxe5 36. Nxe5 1-0

[Event "Online Olym Div2 C 2020"]
[Site "chess.com INT"]
[Date "2020.08.16"]
[Round "7.4"]
[Board "4"]
[White "Pintor, Ariana"]
[Black "Sedina, Elena"]
[Result "0-1"]
[WhiteTitle "WFM"]
[BlackTitle "IM"]
[WhiteElo "1903"]
[BlackElo "2299"]
[WhiteTeam "Portugal"]
[BlackTeam "Italy"]
[WhiteFideId "1902806"]
[BlackFideId "812153"]
[EventDate "2020.08.14"]
[EventType "team"]

1. e4 e6 2. d4 d5 3. exd5 exd5 4. Bd3 Nc6 5. c3 Bd6 6. Nf3 Nge7 7. Qc2 Bg4 8.
Nbd2 Qd7 9. O-O O-O-O 10. Re1 f6 11. b4 Kb8 12. h3 Bf5 13. Nb3 Bxd3 14. Qxd3 Qf5
15. Qb5 g5 16. Nc5 b6 17. a4 g4 18. hxg4 Qxg4 19. Re3 Rdg8 20. Na6+ Kc8 21. Qf1
Nf5 22. Rd3 h5 23. a5 h4 24. axb6 cxb6 25. b5 Na5 26. Ba3 h3 27. Bxd6 hxg2 28.
Bh2 gxf1=Q+ 29. Kxf1 Rxh2 30. Nxh2 Qg2+ 31. Ke2 Qxh2 32. Rf3 Re8+ 33. Kd3 Qh7
34. Kd2 Nb3+ 0-1

[Event "Online Olym Div2 C 2020"]
[Site "chess.com INT"]
[Date "2020.08.16"]
[Round "7.4"]
[Board "5"]
[White "Sonis, Francesco"]
[Black "Veiga, Jose Francisco R P Neves"]
[Result "1-0"]
[WhiteTitle "IM"]
[BlackTitle "FM"]
[WhiteElo "2490"]
[BlackElo "2322"]
[WhiteTeam "Italy"]
[BlackTeam "Portugal"]
[WhiteFideId "895733"]
[BlackFideId "1930087"]
[EventDate "2020.08.14"]
[EventType "team"]

1. d4 Nf6 2. c4 e6 3. Nc3 c5 4. d5 exd5 5. cxd5 d6 6. e4 g6 7. f4 Bg7 8. Bb5+
Nfd7 9. a4 O-O 10. Nf3 Na6 11. O-O Nb4 12. h3 a6 13. Bc4 Nb6 14. Be2 a5 15. Be3
Re8 16. Bf2 Bd7 17. Bg3 Rc8 18. e5 Bf5 19. Bh4 f6 20. Bb5 Rf8 21. e6 Qe7 22. Rf2
c4 23. Qd4 Rc5 24. Raf1 N6xd5 25. Bxc4 Rxc4 26. Qxc4 Ne3 27. Qd4 Nxf1 28. Rxf1
Qxe6 29. Re1 Qd7 30. Re2 d5 31. Qc5 Nd3 32. Qxd5+ Qxd5 33. Nxd5 Bd7 34. Rd2 Nc5
35. Bf2 Ne4 36. Ne7+ Kf7 37. Rxd7 Ke6 38. Rxb7 f5 39. Nc6 Rc8 40. Ncd4+ Bxd4 41.
Nxd4+ Kd5 42. Rb5+ Kd6 43. Rb6+ Kd7 44. Be3 Rc4 45. Nf3 Rxa4 46. Rb7+ Kc6 47.
Rxh7 Ra1+ 48. Kh2 Rb1 49. Bd4 Kd5 50. Rd7+ Kc4 51. Ra7 Kb5 52. Rb7+ Kc4 53. Rg7
Kd3 54. Rxg6 Rf1 55. Bg1 Ke2 56. Ra6 Ra1 57. Nd4+ Kd3 58. Nxf5 a4 59. Nd4 Nd2
60. g4 Nc4 61. b3 Ra2+ 62. Kg3 axb3 63. Nxb3 Rb2 64. Nc5+ Ke2 65. Re6+ Kf1 66.
Nd3 Rg2+ 67. Kh4 Kxg1 68. Re1+ Kh2 69. Rf1 Rg3 70. Rf2+ Kg1 71. Kxg3 1-0

[Event "Online Olym Div2 C 2020"]
[Site "chess.com INT"]
[Date "2020.08.16"]
[Round "7.4"]
[Board "6"]
[White "Avelino, Camila Biscaya"]
[Black "Grimaldi, Angela Flavia"]
[Result "1-0"]
[WhiteElo "1732"]
[BlackElo "2070"]
[WhiteTeam "Portugal"]
[BlackTeam "Italy"]
[WhiteFideId "1938975"]
[BlackFideId "2805214"]
[EventDate "2020.08.14"]
[EventType "team"]

1. e4 c5 2. Nf3 g6 3. d4 cxd4 4. Nxd4 Nc6 5. Nc3 Bg7 6. Be3 Nf6 7. Nxc6 bxc6 8.
e5 Ng8 9. f4 Nh6 10. Ne4 O-O 11. c3 Re8 12. Qb3 d6 13. O-O-O Qc7 14. Bd4 dxe5
15. Bxe5 Bxe5 16. fxe5 Qxe5 17. Bd3 Be6 18. Qa4 Bd5 19. Rde1 Qf4+ 20. Kb1 Ng4
21. Re2 Ne5 22. Bc2 f5 23. Nf6+ 1-0

[Event "Online Olym Div2 C 2020"]
[Site "chess.com INT"]
[Date "2020.08.16"]
[Round "7.5"]
[Board "1"]
[White "Sirosh, Ilja"]
[Black "Mansour, Sameer"]
[Result "0-1"]
[WhiteTitle "IM"]
[BlackTitle "IM"]
[WhiteElo "2405"]
[BlackElo "2308"]
[WhiteTeam "Estonia"]
[BlackTeam "Jordan"]
[WhiteFideId "4500458"]
[BlackFideId "8100144"]
[EventDate "2020.08.14"]
[EventType "team"]

1. d4 d6 2. c4 e5 3. Nc3 exd4 4. Qxd4 Nc6 5. Qd2 Nf6 6. b3 g6 7. Bb2 Bg7 8. g3
O-O 9. Bg2 Re8 10. Nh3 d5 11. cxd5 Bxh3 12. Bxh3 Nxd5 13. Nxd5 Bxb2 14. Qxb2
Qxd5 15. O-O Qh5 16. Bg2 Rxe2 17. Qc3 Ne5 18. Rae1 Rd8 19. Rxe2 Qxe2 20. Qxc7
Rd1 21. Qb8+ Kg7 22. Qxe5+ Qxe5 23. Rxd1 b5 24. Rd5 Qa1+ 25. Bf1 a6 26. Rd2 h5
27. h4 Qb1 28. Kg2 Qe1 29. Rd6 Qa5 30. a4 Qc7 31. Rd4 Qc3 32. Rd3 Qc6+ 33. Kg1
bxa4 34. bxa4 Qxa4 35. Rd6 a5 36. Ra6 Qa1 37. Kg2 Qc3 38. Kg1 Kf8 39. Bg2 Qc5
40. Bf3 Ke7 41. Kg2 Qb5 42. Ra7+ Kf6 43. Kg1 a4 44. Kg2 Ke5 45. Rxf7 a3 46. Ra7
Qb2 47. Ra5+ Kd4 48. Ra4+ Kc5 49. Ra5+ Kb4 50. Rg5 a2 51. Rxg6 a1=Q 52. Rb6+ Kc3
53. Rxb2 Qxb2 54. Bxh5 Kd2 55. Bg4 Ke1 56. h5 Qxf2+ 57. Kh3 Qf6 0-1